No Second Guess Trivia Quiz Stats

 Plays Quiz Updated Dec 18, 2018

Support Sporcle.
Go Orange.
Score 0/16 Timer 05:00
6 Plays Today
% Correct
What was the title of the third book in the Harry Potter series????
74.3%
St. Andrew is the patron saint of which country of the United Kingdom????
60.3%
The Indonesian flag consists of two horizontal stripes of white and what other color????
52.9%
The alcoholic liqueur Cointreau is flavoured using which fruit????
50.3%
What is the most spoken first language in Switzerland????
42.3%
After Jupiter and Saturn, which planet in the solar system has the most moons????
42%
Which 'Friends' main cast member was the last to be credited in the opening credits????
41.1%
Which member of 'The Beatles' was the first to be born????
33.1%
% Correct
In 1930, what country won the first FIFA World Cup????
31.9%
In the English-language version of Scrabble, what is the only letter worth 5 points????
30%
In Chinese astrology, 2012 is the year of which animal????
28.7%
What is the most populous city in South America????
26%
Which of the North American Great Lakes is the smallest by surface area????
13.2%
Who was the youngest person to be inaugurated as President of the United States????
12.4%
How many players from a Lacrosse team are there on the field at one time????
10.9%
Which country was the first to formally declare independence from the Soviet Union????
9.8%

From the Vault

Big 4 US Sports Cities

by Derek

Sports 3m
There are 12 metropolitan areas in the U.S. that have all 4 major (NBA, MLB, NFL and NHL) sports teams. Can you fill in the map?
Remove Ads.
Support Sporcle.
Get the best of Sporcle when you Go Orange. This ad-free experience offers more features, more stats, and more fun while also helping to support Sporcle. Thank you for becoming a member.

Show Comments

Extras

Top Quizzes Today


Score Distribution

Your Account Isn't Verified!

In order to create a playlist on Sporcle, you need to verify the email address you used during registration. Go to your Sporcle Settings to finish the process.

Report this User

Report this user for behavior that violates our Community Guidelines.

Details: